| 000 | 00914nam a2200277Ia 4500 | ||
|---|---|---|---|
| 001 | Z_2024 | ||
| 003 | CHAP | ||
| 008 | 220113s1998 xx 000 0 und d | ||
| 010 | _a165097 | ||
| 040 | _cCHAP | ||
| 090 | _aFolleto 344 | ||
| 100 |
_aHerradora Lozano, Marco Antonio _9139125 |
||
| 245 |
_aAlimentación animal : cerdos / _cpor Marco Antonio Herradora Lozano y Susana Espinosa Hernández |
||
| 260 |
_aMéxico, D. F. : _bUniversidad Nacional Autónoma de México. Facultad de Medicina Veterinaria y Zootecnia, _c1998 |
||
| 300 | _a42 p. | ||
| 440 | _a | ||
| 500 | _a | ||
| 503 | _a | ||
| 650 |
_aGanado porcino _xAlimentos y alimentación I. Espinosa Hernández, Susana II. t. III. Universidad Nacional Autónoma de México, Facultad de Medicina Veterinaria y Zootecnia _9139126 |
||
| 901 | _aFolleto 344 | ||
| 902 | _aA | ||
| 910 | _a1998 | ||
| 942 | _cc14 | ||
| 942 | _cc14 | ||
| 999 |
_c165097 _d165097 |
||